| 000 | 00629nam a2200229Ia 4500 | ||
|---|---|---|---|
| 003 | OSt | ||
| 005 | 20220918201311.0 | ||
| 006 | a|||||r|||| 00| 0 | ||
| 007 | ta | ||
| 008 | 220917b |||||||| |||| 00| 0 eng d | ||
| 024 | _a93,000 | ||
| 037 | _cTextual | ||
| 040 |
_aARTS _cARTS _beng |
||
| 041 |
_2eng _aeng |
||
| 082 | _aV1N19:g, M0 | ||
| 100 |
_aBhuinya Niranjan _998037 |
||
| 245 | 0 |
_aLeague of Nations _b faliure of an experiment in internationalism |
|
| 260 |
_aCalcutta _bK P Bagchi _c1980 |
||
| 650 | _aHISTORY | ||
| 942 |
_hV1N19:g, M0 _cTEXL _2CC |
||
| 999 |
_c216648 _d216648 |
||